000 01029nam a2200277 4500
003 EG-GICUC
005 20260121101210.0
008 251111s2007 ua ||||fr|||| 00| 0 ara d
040 _a EG-GICUC
_bara
_c EG-GICUC
_d EG-GICUC
_erda
041 0 _aara
082 0 4 _221
_a345
_bع ا . ق
092 0 4 _221
099 _aLaw1 07 345 ع ا . ق 2007
100 0 _aعادل السعيد أبوالخير
_eمؤلف.
245 1 2 _aالقانون الإداري :
_bالقرارات الإدارية - الضبط الإداري - العقود الإدارية /
_cدكتور عادل السعيد أبوالخير.
264 1 _aالقاهرة :
_b[د . ن]
_c2007.
300 _a720 ؛صفحة
_c24 سم.
336 _2rda content
_atext
337 _2rda media
_aComputer
338 _2rda carrier
_aOnline Resource
546 _aالنص باللغة العربية
650 1 4 _aالقانون الإداري
856 4 0 _uhttps://fll.law.cu.edu.eg/fulltext/bks/B07-00449.pdf
905 _a32
942 _2ddc
_n0
_cBK
_e21
999 _c42567
_d42567